ՀՀ Գիտությունների ազգային ակադեմիայի հիմնարար գիտական գրադարան  =   Fundamental Scientific Library of NAS RA

Մեր հայրերը : (Record no. 83160)

MARC details
000 -LEADER
fixed length control field 00933nam a2200193 a 4500
001 - CONTROL NUMBER
control field 000235254
003 - CONTROL NUMBER IDENTIFIER
control field AM-YeHGA
005 - DATE AND TIME OF LATEST TRANSACTION
control field 20250618071604.0
008 - FIXED-LENGTH DATA ELEMENTS--GENERAL INFORMATION
fixed length control field 030616s1935 ai 000 | arm d
040 ## - CATALOGING SOURCE
Original cataloging agency AM-YeHGA
090 ## - LOCALLY ASSIGNED LC-TYPE CALL NUMBER (OCLC); LOCAL CALL NUMBER (RLIN)
-- 84434
100 1# - MAIN ENTRY--PERSONAL NAME
Personal name Գլեզեր, Երնստ
245 10 - TITLE STATEMENT
Title Մեր հայրերը :
Remainder of title Ե. Գլեզերի «1902թ. սերունդը» վեպի համառոտ թարգմանություն յեվ մշակում Ս.Բ. Բեռների յեվ Ն.Գ. Յակովլեվայի /
Statement of responsibility, etc. Ե.Գլեզեր; Ազատ թարգմ. ռուս՝ Հովհաննիսյան; Նկ.՝ Ֆ. Բոչկով.
260 ## - PUBLICATION, DISTRIBUTION, ETC.
Place of publication, distribution, etc. Երևան :
Name of publisher, distributor, etc. Պետ. հրատ.,
Date of publication, distribution, etc. 1935.
300 ## - PHYSICAL DESCRIPTION
Extent 204 էջ :
Other physical details նկ. ;
Dimensions 18 սմ.
650 14 - SUBJECT ADDED ENTRY--TOPICAL TERM
Topical term or geographic name entry element Գերմանական գրականություն
General subdivision Պատմվածք
700 1# - ADDED ENTRY--PERSONAL NAME
Personal name Հովհաննիսյան, Աննա Հովհաննեսի,
Dates associated with a name 1903-1977
Relator term թարգմ.
Relationship trl
9 (RLIN) 2627
700 1# - ADDED ENTRY--PERSONAL NAME
Personal name Բոչկով, Ֆ.
Relator term նկ.
Relationship art
Holdings
Withdrawn status Lost status Damaged status Not for loan Collection Home library Current library Date acquired Total checkouts Full call number Barcode Date last seen Cost, replacement price Price effective from Koha item type Public note
        General Fundamental Scientific Library Fundamental Scientific Library 22/12/2016   AI/3229 FL0037560 22/12/2016 50.00 22/12/2016 Գրքեր / Books 30 Days Loan
        General Fundamental Scientific Library Fundamental Scientific Library 22/12/2016   AI/8007 FL0044653 22/12/2016 1.00 22/12/2016 Գրքեր / Books 30 Days Loan
        General Fundamental Scientific Library Fundamental Scientific Library 22/12/2016   AI/9511 FL0046843 22/12/2016 27.00 22/12/2016 Գրքեր / Books 30 Days Loan


ՀՀ ԳԱԱ հիմնարար գիտական գրադարան
ՀՀ,Երևան 0019
Մարշալ Բաղրամյան 24/6
հեռախոս:(374-10) 52-47-50
Հետադարձ կապ

All site content, except where otherwise noted, is licensed under a
Creative Commons License